Welcome to CU Library Online Public Access Catalogue (OPAC)

Chemistry/ (Record no. 1798)

MARC details
000 -LEADER
fixed length control field 00661nam a22001937a 4500
005 - DATE AND TIME OF LATEST TRANSACTION
control field 20241129202735.0
008 - FIXED-LENGTH DATA ELEMENTS--GENERAL INFORMATION
fixed length control field 241129b |||||||| |||| 00| 0 eng d
020 ## - INTERNATIONAL STANDARD BOOK NUMBER
International Standard Book Number 9780201321425
050 ## - LIBRARY OF CONGRESS CALL NUMBER
Classification number QD33
Item number .C77
100 ## - MAIN ENTRY--PERSONAL NAME
Personal name Wilbraham, Antony C.
245 ## - TITLE STATEMENT
Title Chemistry/
Remainder of title Addison-Wesley
Statement of responsibility, etc. Antony C. Wilbraham, Dennis D. Staley, Michael S. Matta & Edward L. Waterman
250 ## - EDITION STATEMENT
Edition statement 5th ed.
260 ## - PUBLICATION, DISTRIBUTION, ETC.
Place of publication, distribution, etc. Menlo Park, California
Name of publisher, distributor, etc. Prentice Hall Pearson Education
Date of publication, distribution, etc. 2000
300 ## - PHYSICAL DESCRIPTION
Extent xxiii.881. various paging
Other physical details ill. color
Dimensions 28cm
Accompanying material CD-ROM
700 ## - ADDED ENTRY--PERSONAL NAME
Personal name Staley, Dennis D.
700 ## - ADDED ENTRY--PERSONAL NAME
Personal name Matta, Michael S.
700 ## - ADDED ENTRY--PERSONAL NAME
Personal name Waterman, Edward L.
942 ## - ADDED ENTRY ELEMENTS (KOHA)
Source of classification or shelving scheme Library of Congress Classification
Koha item type Books
Edition 5th ed.
Suppress in OPAC No
999 ## -
-- 1798
-- 1798
Holdings
Withdrawn status Lost status Source of classification or shelving scheme Damaged status Not for loan Collection Home library Current library Shelving location Date acquired Total checkouts Full call number Barcode Date last seen Copy number Price effective from Koha item type
    Library of Congress Classification     Non-fiction Science Library (Miotso) Science Library (Miotso) General stacks 11/29/2024   QD33 .C77 CHE SLM00000982 11/29/2024 1 11/29/2024 Books
    Library of Congress Classification     Non-fiction Science Library (Miotso) Science Library (Miotso) General stacks 11/29/2024   QD33 .C77 CHE SLM00000983 11/29/2024 2 11/29/2024 Books
    Library of Congress Classification     Non-fiction Science Library (Miotso) Science Library (Miotso) General stacks 11/29/2024   QD33 .C77 CHE SLM00000984 11/29/2024 3 11/29/2024 Books
    Library of Congress Classification     Non-fiction Science Library (Miotso) Science Library (Miotso) General stacks 11/29/2024   QD33 .C77 CHE SLM00000985 11/29/2024 4 11/29/2024 Books
    Library of Congress Classification     Non-fiction Science Library (Miotso) Science Library (Miotso) General stacks 11/29/2024   QD33 .C77 CHE SLM00000986 11/29/2024 5 11/29/2024 Books
© 2023-2024 Copyright: Central University Libraries. All Rights Reserved | Created by: Mahone Tech Office